Balance de energía: 1965-1984

Збережено в:
Бібліографічні деталі
Співавтор: Comisión Nacional de Energía (Автор)
Формат: Книга
Мова:Іспанська
Опубліковано: Santiago Comisión Nacional de Energía 1985
Предмети:
Теги: Додати тег
Немає тегів, Будьте першим, хто поставить тег для цього запису!

MARC

LEADER 00000nam a2200000 a 4500
001 UCL5690
003 CL-VaPUC
008 040319e19850000CL |||||||||||||||||spa|d
082 0 4 |a 333.79  |b COM  |2 21 
110 2 |a Comisión Nacional de Energía  |e author  |9 483373 
245 1 0 |a Balance de energía: 1965-1984 
300 |a 191 p 
942 |c BK 
945 |d 20040319 00:00:00  |a vberengu 
260 |a Santiago  |b Comisión Nacional de Energía  |c 1985 
650 0 |a Energía   |9 259431 
650 0 |a Recursos energéticos  |9 263206 
650 7 |a CONSUMO DE ENERGIA  |2 CL-VaPUC  |9 271590 
650 7 |a PETROLEO  |2 CL-VaPUC  |9 320865 
650 0 |a Gas natural  |9 263904 
650 7 |a CARBON  |2 CL-VaPUC  |9 268755 
650 0 |a Electricidad  |9 260222 
651 7 |a CHILE  |2 CL-VaPUC  |9 483374 
583 |a last modification  |c 20040319 00:00:00  |k Rodrigo Vera 
999 |c 308131  |d 308129